000 01103cam a2200313 a 4500
001 16483893
003 OSt
005 20240822160828.0
008 100930s2011 enka b 001 0 eng
010 _a 2010041097
020 _a9780415589857 (hb)
020 _a9780203828014 (eb)
040 _cMUST
042 _apcc
082 0 0 _a363.7 SHI 2011
_222
100 1 _aShinkuma, Takayoshi.
_919062
245 1 0 _aWaste and recycling :
_btheory and empirics /
_cTakayoshi Shinkuma and Shunsuke Managi.
260 _aLondon ;
_aNew York :
_bRoutledge,
_c2011.
300 _axiv, 147 p. :
_bill. ;
_c24 cm.
490 0 _aRoutledge studies in ecological economics ;
_v13
504 _aIncludes bibliographical references and index.
650 0 _aRefuse and refuse disposal
_919063
650 0 _aRecycling (Waste, etc.)
_vCase studies.
_919064
650 0 _aWaste products
_917926
700 1 _aManagi, Shunsuke.
_919065
906 _a7
_bcbc
_corignew
_d1
_eecip
_f20
_gy-gencatlg
942 _2ddc
_cO_SHELF
999 _c9329
_d9329